000
00326nam a2200133Ia 4500
008
240624s9999 xx 000 0 und d
041
_a
eng
082
_a
368.32 JAW
100
_a
JAWAHARLAL U
245
_a
LIFE INSURANCE II
260
_c
2003
_a
Hyderabad
_b
ICFAI University
300
_a
v, : 202 : p. : cm. ; 23
365
_c
RS
999
_c
2894
_d
2894